000 01114nam a22001695i 4500
999 _c13687
_d13687
020 _a9798881600112
082 _aCir 821.914 L487 2025
100 1 _aLeav, Lang,
245 1 0 _aSoon it will be Sunday /
_cby Lang Leav.
260 _aMissouri :
_bAndrews McMeel Publishing,
_cc2025.
300 _a154 p.
337 _aunmediated
_bn
520 _a"Through poetry, micro-essays, and ruminations, Soon It Will Be Sunday delves into the purpose and impact of the interpersonal attachments that women form during different stages of their lives. Internationally bestselling author Lang Leav reflects on the perilous and winding road of being a woman, contending with the conflicting messages we receive from society, and the choices we make that ultimately define us, while also addressing the narrowing options women face with the passing of time. Deeply personal and all too relatable, Soon It Will Be Sunday aims to provide a mirror for women to see and be seen no matter which era of womanhood you are currently navigating"--
_cProvided by publisher.
526 _a800-899
650 _aPoetry.
942 _2ddc
_cBK